Statistics for Strikeout Leaders 2000-2020

Click here to take the quiz!

General Stats

  • This quiz has been taken 10 times
  • The average score is 13 of 21

Answer Stats

YearStrikeoutsPlayer% Correct
2011250Justin Verlander
100%
2012239Justin Verlander
100%
2009269Justin Verlander
100%
2015301Clayton Kershaw
78%
2018300Max Scherzer
78%
2016284Max Scherzer
78%
2020122Shane Bieber
78%
2019326Gerrit Cole
67%
2008265Tim Lincecum
67%
2017308Chris Sale
56%
2000347Randy Johnson
56%
2004290Randy Johnson
56%
2001372Randy Johnson
56%
2002334Randy Johnson
56%
2007240Jake Peavy
44%
2006245Johan Santana
44%
2005238Johan Santana
44%
2003266Kerry Wood
44%
2014271David Price
33%
2010233Jered Weaver
22%
2013277Yu Darvish
22%

Score Distribution

Percentile by Number Answered

Percent of People with Each Score

Your Score History

You have not taken this quiz